| 000 | 00578nam a2200181 4500 | ||
|---|---|---|---|
| 999 |
_c165330 _d165330 |
||
| 005 | 20190613162833.0 | ||
| 010 | _aENG-125594 | ||
| 020 |
_a9789383848416 _c250.00 |
||
| 035 | _aEN-109126 | ||
| 037 | _bDBAD/PUB | ||
| 082 | _a659.1 | ||
| 100 | _aKapoor, Neeru | ||
| 245 |
_aFundamentals of advertising / _cby Neeru Kapoor |
||
| 260 |
_aNew Delhi _bPinnacle Learning _c2017 |
||
| 270 |
_a24, D.D.A. Shopping Complex _bBer Sarai, New Delhi _e110016 _mpinnaclelearning@hotmail.com _k9811592500 |
||
| 300 |
_aiii,244p. _c23cm(pbk) |
||
| 942 |
_2ddc _cEN _h659.1 _mKAP |
||